Podiel EÚ na vývoze Slovenska vlani stúpol na 56 percent

Výsledky zahraničného obchodu SR v r. 1998. Nedostupnosť údajov sťažuje porovnávanie s r. 1997. Vývoz a dovoz komodít a hotových výrobkov. Pokles vývozu do Českej republiky, Ruska a Ukrajiny. Rast vývozu do ostatných krajín CEFTA. Perspektíva slovenského vývozu je závislá na reformných krokoch v slo...

Description complète

Enregistré dans:
Détails bibliographiques
Auteur principal: Barto, Martin
Format: Chapitre de livre
Langue:slovaque
Sujets:
Tags: Ajouter un tag
Pas de tags, Soyez le premier à ajouter un tag!

MARC

LEADER 00000naa a2200000 4500
001 r034595
005 20230921103231.6
041 0 |a slo 
044 |a SK 
245 1 0 |a Podiel EÚ na vývoze Slovenska vlani stúpol na 56 percent  |c Martin Barto 
520 |a Výsledky zahraničného obchodu SR v r. 1998. Nedostupnosť údajov sťažuje porovnávanie s r. 1997. Vývoz a dovoz komodít a hotových výrobkov. Pokles vývozu do Českej republiky, Ruska a Ukrajiny. Rast vývozu do ostatných krajín CEFTA. Perspektíva slovenského vývozu je závislá na reformných krokoch v slovenskej ekonomike. 
610 2 0 |a obchod zahraničný 
610 2 0 |a dovoz 
610 2 0 |a vývoz 
610 2 0 |a komodity 
610 2 0 |a výrobky 
610 2 0 |a Slovensko 
610 2 0 |a Česko 
610 2 0 |a Rusko 
610 2 0 |a Ukrajina 
610 2 0 |a 1998 
610 2 0 |a CEFTA 
100 1 |a Barto, Martin